000 00484nam a22001937a 4500
003 MPLRDC
005 20220104162242.0
008 210129b ||||| |||| 00| 0 eng d
020 _a986-133-182-9
082 _a855 ZHJ-17
100 _a郑华娟
245 _a巧克力情书
_c
250 _a初版
260 _a台湾
_b圆神出版社有限公司
_c2007
300 _b191
490 _a郑华娟系列: 15
650 _a散文;随笔、日记
942 _cBK
_o855 ZHJ-17
999 _c55878
_d55868